000
00308nam a2200109Ia 4500
008
171211s9999 xx 000 0 und d
245
_a
Mix-and-Match Mama Eats: Crazy Good Go-To Meals
245
_c
Shay Shull
260
_c
2016
650
_x
COOKBOOKS
856
_u
http://down.ebook777.com/062/0736966137.pdf
999
_c
348166
_d
348166